| 000 | 00432nam a22001577u 4500 | ||
|---|---|---|---|
| 008 | 130405s1949 xxu||||| |||| 00| 0 fre d | ||
| 041 | _afre | ||
| 100 | 1 |
_aChirat, Henri _919557 |
|
| 245 | 0 | 0 |
_aL'assemblée chrétienne á l'age apostolique _cHenri Chirat |
| 260 |
_aParis: _bDu Cerf, _c1949 |
||
| 300 |
_a282 p. _c;20 cm. |
||
| 490 | 0 |
_aLex Orandi _v10 |
|
| 650 | 0 | 4 |
_aLiturgia _yÉpoca primitiva _915693 |
| 942 | _cBK | ||
| 001 | 16795 | ||
| 999 |
_c238719 _d238719 |
||